Diseño de pavimento flexible del tramo Somotillo - El Guasaule
Presenta el diseño de pavimento flexible del tramo Somotillo - El Guasaule en el cual se realizó un estudio de tránsito, suelo y se determinaron los espesores de las capas de la estructura de pavimento aplicando el método ASSHTO-86.
| Main Authors: | , |
|---|---|
| Other Authors: | |
| Format: | Tesis Section = Libro |
| Language: | Undetermined Spanish |
| Published: |
Managua
UNI
2009
|
| Subjects: |
| LEADER | 00994nam a2200253Ia 4500 | ||
|---|---|---|---|
| 008 | 240830s9999 xx 000 0 und d | ||
| 040 | |a BIBLIOTECA-RUPAP T.Mon 625.85 F934 | ||
| 041 | |a spa | ||
| 082 | |a T.Mon 625.85 F934 | ||
| 100 | 1 | |a Fuentes Cruz, Ilza Deyanira | |
| 100 | 1 | |b Silva Llanes, Mauricio Albert | |
| 245 | 1 | 0 | |a Diseño de pavimento flexible del tramo Somotillo - El Guasaule |
| 260 | |a Managua |b UNI |c 2009 | ||
| 300 | |a 37 p. :il. | ||
| 500 | |a Contiene: anexos. | ||
| 502 | |a Tesis (Ingeniero Civil)- UNI, 2009. | ||
| 520 | 3 | |a Presenta el diseño de pavimento flexible del tramo Somotillo - El Guasaule en el cual se realizó un estudio de tránsito, suelo y se determinaron los espesores de las capas de la estructura de pavimento aplicando el método ASSHTO-86. | |
| 650 | 7 | |a PAVIMENTOS | |
| 650 | 7 | |b PAVIMENTOS FLEXIBLES | |
| 650 | 7 | |c PAVIMENTOS – DISEÑO Y CONSTRUCCION | |
| 700 | 1 | |a Tutor: |b Morales Urbina, Israel | |
| 942 | |c BK |2 ddc | ||
| 991 | |a TESIS | ||
| 999 | |c 18327 | ||